Alle Pokemon mit "H" - Statistiken

Allgemein
  • Dieses Quiz wurde 586 mal gespielt
    267 seit der letzten Aktualisierung
  • Das Durchschnittsergebnis liegt bei 14 aus 29
Antwortstatistiken
Hint Antwort % Korrekt
Kanto (3) 013 Hornliu
82%
Kanto (3) 021 Habitak
81%
Johto (7) 250 Ho-Oh
75%
Johto (7) 229 Hundemon
75%
Johto (7) 228 Hunduster
73%
Johto (7) 187 Hoppspross
68%
Sinnoh (5) 427 Haspiror
67%
Johto (7) 188 Hubelupf
65%
Johto (7) 163 Hoothoot
62%
Hoenn (2) 297 Hariyama
60%
Kanto (3) 097 Hypno
51%
Johto (7) 242 Heiteira
50%
Sinnoh (5) 416 Honweisel
47%
Sinnoh (5) 485 Heatran
45%
Sinnoh (5) 449 Hippopotas
41%
Sinnoh (5) 450 Hippoterus
39%
Kalos (1) 720 Hoopa
39%
Hoenn (2) 258 Hydropi
36%
Einall (3) 591 Hutsassa
33%
Paldea (5) 926 Hefel
32%
Galar (3) 813 Hopplo
32%
Paldea (5) 952 Halupenjo
31%
Einall (3) 575 Hypnomorba
31%
Galar (3) 868 Hokumil
29%
Paldea (5) 977 Heerashai
27%
Einall (3) 617 Hydragil
25%
Paldea (5) 947 Horrerba
20%
Galar (3) 874 Humanolith
20%
Paldea (5) 1019 Hydrapfel
16%
Keine übereinstimmenden Quizze gefunden
Verteilung der Resultate
Anzahl Personen mit jedem Resultat
Perzentil nach korrekt beantworteten Fragen
Ihre Resultats-Entwicklung
Sie haben dieses Quiz seit der letzten Aktualisierung nicht gespielt